| 000 | 01215nam a2200361 a 4500 | ||
|---|---|---|---|
| 001 | 0000241 | ||
| 003 | DO-SdBNP | ||
| 005 | 20180306103117.0 | ||
| 007 | 0000241 | ||
| 008 | 150130s20uu dr abc 000 0 spa d | ||
| 020 | _a9789945444050 | ||
| 040 |
_aBPMSU _bspa _cBPMSU |
||
| 092 |
_a372.7 _bR788m 3ro 2010 |
||
| 100 | 1 | _aDe la Rosa, María del Jesús | |
| 245 | 1 | 0 |
_aMatemática 3 : _b[educación básica] / _cMaría del Jesús de la Rosa, Antonia Medrano |
| 250 | _a2a.ed. | ||
| 260 |
_aSanto Domingo : _bActualidad Escolar 2000, _c2010 |
||
| 300 |
_a208 p. : _bil., retrs. ; _c28 cm. |
||
| 490 | 1 | _aSigma | |
| 500 | _aIncluye el "Libro del maestro. | ||
| 505 | 1 |
_tUna ciudad -- _tCuento y mido -- _tCuento , mido e interpreto -- |
|
| 650 |
_aMATEMATICAS _xENSEÑANZA BÁSICA |
||
| 650 |
_aMATEMÁTICAS _xENSEÑANZA ELEMENTAL |
||
| 650 |
_aEDUCACION PRIMARIA _zREPÚBLICA DOMINICANA |
||
| 650 |
_aMATEMÁTICAS _xLIBROS DE TEXTOS |
||
| 650 |
_aMATEMATICAS _xESTUDIOS Y EJERCICIOS |
||
| 700 | 1 | _aMedrano, Francisca Antonia | |
| 830 | 0 | _aSigma | |
| 910 | _aValidado. Control de calidad MFF | ||
| 942 |
_2ddc _cBK |
||
| 945 | _aRemanejado para la BNPHU / 2018 VM | ||
| 956 |
_aYLOCKWARD _b10 |
||
| 999 |
_c9545 _d9545 |
||